[Event "Open Est 2015-2016"]
[Site "Aubagne"]
[Date "2016.03.05"]
[Round "7.32"]
[White "Lognos, Lina"]
[Black "Rando, Mathias"]
[Result "1/2-1/2"]
[WhiteElo "1077"]
[BlackElo "1180"]
[PlyCount "150"]
[EventDate "2015.10.10"]
[WhiteTeam "Cercle d'Echecs Aubagnais"]
[BlackTeam "Club Provence Echecs"]

1. c4 e5 2. Nc3 Nc6 3. g3 Nf6 4. Bg2 Na5 5. d3 d6 6. b4 Nc6 7. b5 Ne7 8. Nf3
Be6 9. Ng5 d5 10. Nxe6 fxe6 11. O-O Qd6 12. Qa4 e4 13. b6+ Nc6 14. Nb5 Qe5 15.
Nxc7+ Kf7 16. Nxa8 (16. Bf4 Qf5 17. Nxa8) 16... Ng4 17. Qxa7 Nxa7 18. bxa7 Bc5
19. Rb1 Qh5 20. Rxb7+ (20. h3) 20... Kg6 21. h4 Rxa8 22. e3 exd3 23. Rd1 Qf5
24. Rd2 dxc4 25. Rxg7+ Kxg7 26. Bxa8 Bb4 27. Rb2 Bc3 28. Rb7+ Kf6 29. f4 Qd5
30. Rf7+ Kxf7 31. Bxd5 d2 32. Bxd2 Bxd2 33. a8=Q c3 34. Qc6 exd5 35. Qxd5+ Ke7
36. Qf5 Kd6 37. Qxg4 c2 38. Kg2 c1=Q 39. f5 Qc6+ 40. e4 Be3 41. Qd1+ Ke5 42.
Qd5+ Qxd5 43. exd5 Kxd5 44. Kf3 Bb6 45. a4 Ke5 46. Kg4 Kf6 47. h5 h6 48. Kh4
Kxf5 49. g4+ Kf4 50. Kh3 Kg5 51. Kg2 Kxg4 52. Kh2 Kxh5 53. Kh3 Kg5 54. Kg3 Bc7+
55. Kh3 h5 56. Kg2 Kg4 57. Kh1 h4 58. Kg2 Bd8 59. Kh2 Bc7+ 60. Kh1 h3 61. a5
Bb8 62. a6 Ba7 63. Kh2 Kh4 64. Kh1 Bb8 65. Kg1 h2+ 66. Kg2 h1=Q+ 67. Kxh1 Kh3
68. Kg1 Ba7+ 69. Kf1 Kg4 70. Ke2 Kf4 71. Kd3 Ke5 72. Kc4 Kd6 73. Kb5 Kc7 74.
Ka4 Kb6 75. Kb4 Kxa6 1/2-1/2

[Event "Open Est 2015-2016"]
[Site "Aubagne"]
[Date "2016.03.05"]
[Round "7.33"]
[White "Auguste, Yvan"]
[Black "Timoner, Genevieve"]
[Result "0-1"]
[WhiteElo "1050"]
[BlackElo "1140"]
[PlyCount "74"]
[EventDate "2015.10.10"]
[WhiteTeam "Cercle d'Echecs Aubagnais"]
[BlackTeam "Club d'Echecs Pennois (CEP)"]

1. e4 c5 2. d3 Nc6 3. Nf3 d6 4. c3 Nf6 5. d4 cxd4 6. cxd4 g6 7. Nc3 Bg7 8. e5
dxe5 9. dxe5 Qxd1+ 10. Kxd1 Nd7 11. Bf4 Ndxe5 12. Nxe5 Nxe5 13. Bb5+ Bd7 14.
Be2 O-O 15. g3 Rad8 16. Ke1 Bg4 17. h3 Nd3+ 18. Kf1 Bf5 19. Rd1 Nxb2 20. Rxd8
Rxd8 21. Kg2 Bxc3 22. Rb1 Bxb1 23. Bf3 b6 24. Bc7 Rd7 25. Bc6 Rd2 26. Be8 Be4+
27. Kh2 Bd4 28. h4 Rxf2+ 29. Kh3 Bf5+ 30. g4 Rf3+ 31. Kg2 Rf2+ 32. Kg3 Be4 33.
Bb8 Rf3+ 34. Kh2 Nd1 35. Bxa7 Nf2 36. a4 Rh3+ 37. Kg1 Rh1# 0-1

[Event "Open Est 2015-2016"]
[Site "Aubagne"]
[Date "2016.03.05"]
[Round "7.34"]
[White "Pentcheff, Julie"]
[Black "Denis, Alexandra"]
[Result "0-1"]
[WhiteElo "1010"]
[BlackElo "1125"]
[PlyCount "98"]
[EventDate "2015.10.10"]
[WhiteTeam "Cassis Echecs"]
[BlackTeam "Marseille Passion Echecs"]

1. d4 d5 2. Nf3 Nf6 3. Bg5 Bg4 4. h3 Bxf3 5. gxf3 Nbd7 6. Bf4 e6 7. Nc3 Bb4 8.
a3 Ba5 9. b4 Bb6 10. e3 Qe7 11. Na4 a6 12. Nxb6 Nxb6 13. Qd3 Nc4 14. Qc3 Nd6
15. Qb3 Nh5 16. Qa4+ b5 17. Qa5 Nxf4 18. exf4 Ra7 19. a4 Nc4 20. Bxc4 bxc4 21.
b5 Qd6 22. Qd2 axb5 23. Qe2 Qxf4 24. Qf1 Qxd4 25. Rd1 Qc3+ 26. Rd2 Rxa4 27. Qg2
Ra1+ 28. Ke2 Rxh1 29. Qxh1 O-O 30. Qg2 Qe5+ 31. Kd1 Ra8 32. c3 Qxc3 33. Ke2
Qe5+ 34. Kd1 Ra1+ 35. Kc2 Ra2+ 36. Kd1 Rxd2+ 37. Kxd2 Qf4+ 38. Kc3 d4+ 39. Kb4
c6 40. Qg1 Qxf3 41. Qa1 h6 42. Qa8+ Kh7 43. Qa3 Qxa3+ 44. Kxa3 d3 45. Kb2 b4
46. Kc1 c3 47. Kd1 b3 48. h4 b2 49. Ke1 b1=Q# 0-1

[Event "Open Est 2015-2016"]
[Site "Aubagne"]
[Date "2016.03.05"]
[Round "7.35"]
[White "Mauger, Renaud"]
[Black "Belaid, Myriam"]
[Result "0-1"]
[WhiteElo "1399"]
[BlackElo "1399"]
[PlyCount "45"]
[EventDate "2015.10.10"]
[WhiteTeam "Cercle d'Echecs Aubagnais"]
[BlackTeam "Club Provence Echecs"]

1. d4 e6 2. Nf3 Nc6 3. e3 Nf6 4. c4 d5 5. Nc3 Bb4 6. Bd2 Na5 7. b3 O-O 8. Bd3
Qe7 9. O-O b6 10. Ne5 Bd6 11. f4 Bd7 12. Qc2 b5 13. cxb5 Rab8 14. a4 Ra8 15.
Ne2 c5 16. Bxa5 a6 17. Bd2 cxd4 18. Nxd4 Qe8 19. bxa6 Nh5 20. Rf3 g6 21. Ng4 f5
22. Nf2 Qe7 23. Nh3 0-1

[Event "Open Est 2015-2016"]
[Site "Aubagne"]
[Date "2016.03.05"]
[Round "7.37"]
[White "Tramarin, Matteo"]
[Black "Gianfranceschi, Gerard"]
[Result "1-0"]
[WhiteElo "1099"]
[BlackElo "1030"]
[PlyCount "53"]
[EventDate "2015.10.10"]
[WhiteTeam "Cercle d'Echecs Aubagnais"]
[BlackTeam "Cercle d'Echecs Aubagnais"]

1. e4 e5 2. Nf3 Nf6 3. Nc3 Nc6 4. Bc4 Be7 5. d4 d5 6. exd5 Nxd4 7. Nxd4 exd4 8.
Qxd4 O-O 9. O-O c6 10. Bf4 Be6 11. Rad1 c5 12. Qe5 Bg4 13. f3 Nd7 14. Qe4 Nf6
15. Qe5 Nd7 16. Qe3 Bf5 17. Bd3 g6 18. d6 Re8 19. dxe7 Rxe7 20. Be4 Qb6 21. Nd5
Qxb2 22. Nxe7+ Kf8 23. Nxf5 gxf5 24. Bh6+ Ke8 25. Bc6+ Kd8 26. Rxd7+ Kc8 27.
Qe8# 1-0

[Event "Open Est 2015-2016"]
[Site "Aubagne"]
[Date "2016.03.05"]
[Round "7.38"]
[White "Sid, Alexander"]
[Black "Naam, Shedy"]
[Result "1-0"]
[WhiteElo "1020"]
[BlackElo "1070"]
[PlyCount "39"]
[EventDate "2015.10.10"]
[WhiteTeam "Club Provence Echecs"]
[BlackTeam "Cassis Echecs"]

1. e4 Nc6 2. Nf3 Nf6 3. Nc3 e5 4. d3 Bb4 5. Be3 d5 6. d4 dxe4 7. Nxe5 Nxe5 8.
dxe5 Nd5 9. Bd2 Bf5 10. Nxd5 Bc5 11. Bc4 Qh4 12. Be3 Bxe3 13. Nxe3 Bd7 14. O-O
b6 15. b4 h6 16. e6 Bc6 17. Bd5 Bxd5 18. Qxd5 c6 19. Qd7+ Kf8 20. Qxf7# 1-0

[Event "Open Est 2015-2016"]
[Site "Aubagne"]
[Date "2016.03.05"]
[Round "7.39"]
[White "Bonino, Cesar"]
[Black "Soulet, Kylian"]
[Result "0-1"]
[WhiteElo "1009"]
[BlackElo "1030"]
[PlyCount "22"]
[EventDate "2015.10.10"]
[WhiteTeam "Cassis Echecs"]
[BlackTeam "Cassis Echecs"]

1. d4 d5 2. c3 g6 3. e3 Nf6 4. Nf3 e6 5. Bd3 c6 6. O-O Bd6 7. Ne5 O-O 8. Ng4
Nxg4 9. Qxg4 Bc7 10. Qd1 Qd6 11. Nd2 Qxh2# 0-1

[Event "Open Est 2015-2016"]
[Site "Aubagne"]
[Date "2016.03.19"]
[Round "8.1"]
[White "Bohli, Adam"]
[Black "Telouk, Olivier"]
[Result "0-1"]
[WhiteElo "1618"]
[BlackElo "1836"]
[PlyCount "107"]
[EventDate "2015.10.10"]
[WhiteTeam "Marseille Echecs"]
[BlackTeam "Cassis Echecs"]

1. e4 c5 2. Nf3 d6 3. d4 cxd4 4. Nxd4 Nf6 5. Nc3 g6 6. f4 Nc6 7. Bb5 Bd7 8.
Bxc6 bxc6 9. Qf3 Qb6 10. Nb3 Bg7 11. Be3 Qa6 12. f5 O-O 13. g4 e6 14. g5 Nh5
15. f6 Bh8 16. O-O-O c5 17. Bxc5 dxc5 18. Nxc5 Qa5 19. Nxd7 Qxg5+ 20. Kb1 Rfe8
21. Rhg1 Qh6 22. h4 Red8 23. Rg5 Rxd7 24. Rxd7 Nxf6 25. e5 Nxd7 26. Qxa8+ Nf8
27. Qe4 Nd7 28. Nb5 a6 29. Nd6 Qf8 30. h5 Nxe5 31. Rxe5 Qxd6 32. Qa8+ Kg7 33.
Re1 Qb4 34. Qe4 Qxe4 35. Rxe4 g5 36. Rc4 Kf8 37. h6 Ke7 38. Kc1 f5 39. Rc8 Bd4
40. b4 e5 41. Kd2 Kd6 42. Rf8 Ke6 43. c4 Bb2 44. Kc2 e4 45. Rd8 Be5 46. c5 e3
47. Kd3 f4 48. Ke2 g4 49. Rg8 f3+ 50. Kxe3 Bg3 51. Rg7 f2 52. Ke2 Be5 53. Kxf2
Bxg7 54. Kf1 0-1

[Event "Open Est 2015-2016"]
[Site "Aubagne"]
[Date "2016.03.19"]
[Round "8.3"]
[White "Ghazarian, David"]
[Black "Gamblin, Antoine"]
[Result "1-0"]
[WhiteElo "1485"]
[BlackElo "1642"]
[PlyCount "79"]
[EventDate "2015.10.10"]
[WhiteTeam "Marseille Echecs"]
[BlackTeam "Marseille Echecs"]

1. e4 c5 2. Nf3 Nc6 3. Nc3 Nf6 4. Bc4 g6 5. O-O Bg7 6. h3 d6 7. d3 O-O 8. Be3
Na5 9. Bb3 Nxb3 10. axb3 Be6 11. Qd2 a6 12. Bh6 b5 13. Bxg7 Kxg7 14. Ng5 Bd7
15. f4 Qb6 16. Kh1 h6 17. Nf3 Bc6 18. f5 c4 19. Nd5 Nxd5 20. exd5 Bxd5 21. dxc4
Bxf3 22. Rxf3 bxc4 23. Qc3+ Kh7 24. fxg6+ fxg6 25. Raf1 Rxf3 26. Rxf3 e5 27.
Qxc4 Rg8 28. Rf7+ Rg7 29. Rf8 Qb7 30. Qe6 Qd7 31. Qd5 Qe7 32. Qa8 g5 33. Rh8+
Kg6 34. Qe4+ Kf7 35. Qf5+ Qf6 36. Rf8+ Kxf8 37. Qxf6+ Rf7 38. Qxd6+ Kg8 39.
Qg6+ Rg7 40. Qxa6 1-0

[Event "Open Est 2015-2016"]
[Site "Aubagne"]
[Date "2016.03.19"]
[Round "8.4"]
[White "Cavanihac, Claude"]
[Black "Gamblin, Vincent"]
[Result "1-0"]
[WhiteElo "1528"]
[BlackElo "1436"]
[PlyCount "83"]
[EventDate "2015.10.10"]
[WhiteTeam "Cercle d'Echecs Aubagnais"]
[BlackTeam "Marseille Echecs"]

1. e4 c5 2. Nf3 d6 3. Be2 Nf6 4. d3 g6 5. O-O Nc6 6. c3 Bg7 7. Ne1 O-O 8. f4 c4
9. Bf3 cxd3 10. Qxd3 Qc7 11. Be3 a5 12. Rf2 b6 13. Nd2 Bg4 14. h3 Bxf3 15.
Ndxf3 Nd7 16. Rc2 Nc5 17. Bxc5 bxc5 18. Rd2 Qb6 19. Kh1 Bh6 20. g3 Rad8 21. Re2
e5 22. f5 Qb7 23. g4 Qe7 24. Rg2 Bf4 25. Rg1 Rfe8 26. Ng2 g5 27. h4 h6 28. hxg5
hxg5 29. Qd5 Rc8 30. Nxf4 exf4 31. Rge1 Ne5 32. Kg2 Nxg4 33. Qd3 Ne3+ 34. Rxe3
fxe3 35. Qxe3 Qxe4 36. Qxg5+ Kf8 37. Qh6+ Kg8 38. Rh1 Qg4+ 39. Kf2 Qg7 40. Rg1
Qxg1+ 41. Nxg1 f6 42. Qxf6 1-0

[Event "Open Est 2015-2016"]
[Site "Aubagne"]
[Date "2016.03.19"]
[Round "8.5"]
[White "Auroux, William"]
[Black "Cotton, Paul"]
[Result "1-0"]
[WhiteElo "1325"]
[BlackElo "1484"]
[PlyCount "97"]
[EventDate "2015.10.10"]
[WhiteTeam "Club Provence Echecs"]
[BlackTeam "Cercle d'Echecs Aubagnais"]

1. b4 Nf6 2. Bb2 g6 3. c4 Bg7 4. e3 O-O 5. Nf3 d6 6. d4 b6 7. Be2 Nbd7 8. O-O
c5 9. b5 a6 10. a4 axb5 11. axb5 Rxa1 12. Bxa1 Bb7 13. Nbd2 Qc7 14. Qc2 Ra8 15.
Bb2 d5 16. cxd5 Nxd5 17. Rc1 Nb4 18. Qb3 Bd5 19. Qxb4 Ra2 20. Qc3 Qa7 21. Ra1
Nf6 22. Rxa2 Qxa2 23. Qa3 Qxa3 24. Bxa3 cxd4 25. Nxd4 e6 26. Nc6 Kh8 27. Bb2
Kg8 28. Bxf6 Bxf6 29. Bc4 Kf8 30. e4 Bxc6 31. bxc6 Be5 32. Bb5 Ke7 33. Nc4 Bc7
34. e5 f6 35. f4 h6 36. Kf2 g5 37. g3 Kf7 38. Nd6+ Ke7 39. Ba4 Bxd6 40. exd6+
Kxd6 41. fxg5 fxg5 42. Ke3 e5 43. Ke4 g4 44. Bb5 h5 45. Ba4 Kc7 46. Kxe5 Kd8
47. Kd6 Kc8 48. c7 Kb7 49. Kd7 1-0

[Event "Open Est 2015-2016"]
[Site "Aubagne"]
[Date "2016.03.19"]
[Round "8.6"]
[White "Sage, Jean-Claude"]
[Black "Roche, Alain"]
[Result "1-0"]
[WhiteElo "1574"]
[BlackElo "1365"]
[PlyCount "79"]
[EventDate "2015.10.10"]
[WhiteTeam "Echiquier Marseillais 1872"]
[BlackTeam "Echiquier Marseillais 1872"]

1. e4 e6 2. d4 d5 3. Nd2 a6 4. Ngf3 Nc6 5. e5 Nh6 6. Bd3 Nf5 7. Nb3 h6 8. O-O
Be7 9. c3 b5 10. Bd2 b4 11. Bxf5 exf5 12. Re1 Be6 13. Rc1 bxc3 14. Bxc3 Qd7 15.
Nc5 O-O 16. Nxd7 Bxd7 17. a3 f4 18. Bd2 Bg5 19. Qb3 Ne7 20. Rxc7 Rab8 21. Qa2
Bf5 22. Nxg5 hxg5 23. Rxe7 Rfc8 24. Rc7 Rd8 25. b4 Rb6 26. Rec1 Rdb8 27. R1c5
a5 28. Qc2 axb4 29. Bxb4 g6 30. Rc8+ Kg7 31. Rxb8 Rxb8 32. Rc7 g4 33. Qc6 Kh6
34. Qc1 g5 35. g3 f3 36. Be7 Rg8 37. a4 Be4 38. a5 Kh7 39. Bxg5 Bg6 40. Rc8 1-0

[Event "Open Est 2015-2016"]
[Site "Aubagne"]
[Date "2016.03.19"]
[Round "8.8"]
[White "Strate, Francois"]
[Black "Moerenhout, Jean Claude"]
[Result "1-0"]
[WhiteElo "1316"]
[BlackElo "1305"]
[PlyCount "59"]
[EventDate "2015.10.10"]
[WhiteTeam "Sanary Echecs"]
[BlackTeam "Cercle d'Echecs Aubagnais"]

1. d4 Nf6 2. c4 e6 3. Nc3 b6 4. Bg5 c6 5. e4 Be7 6. Nf3 O-O 7. Bd3 Bb7 8. Qc2
d5 9. e5 Ne4 10. Bxe7 Qxe7 11. Nxe4 dxe4 12. Bxe4 Qb4+ 13. Nd2 g6 14. O-O Qe7
15. Nf3 Nd7 16. Rfe1 f6 17. exf6 Nxf6 18. Nd2 Rae8 19. Bf3 Qd6 20. Qc3 Qf4 21.
Rad1 Ng4 22. Nf1 Rf5 23. Re4 Qh6 24. Bxg4 Rf6 25. Re3 Bc8 26. d5 Qf4 27. Rf3
Qxg4 28. Qxf6 Qxc4 29. Qf7+ Kh8 30. Qxe8+ 1-0

[Event "Open Est 2015-2016"]
[Site "Aubagne"]
[Date "2016.03.19"]
[Round "8.9"]
[White "Konate, Salma"]
[Black "Ulloa, Philippe"]
[Result "0-1"]
[WhiteElo "1471"]
[BlackElo "1331"]
[PlyCount "28"]
[EventDate "2015.10.10"]
[WhiteTeam "Marseille Passion Echecs"]
[BlackTeam "Le Gambit Marseillais"]

1. e4 e5 2. Nf3 d6 3. Bc4 h6 4. d3 Nf6 5. c3 Be7 6. Be3 O-O 7. Nbd2 Bg4 8. h3
Bh5 9. Qc2 Nc6 10. d4 exd4 11. Nxd4 Ne5 12. f4 Nxc4 13. Nxc4 Re8 14. Nd2 d5 0-1

[Event "Open Est 2015-2016"]
[Site "Aubagne"]
[Date "2016.03.19"]
[Round "8.10"]
[White "Gutman, Leni"]
[Black "Mineo, Francois"]
[Result "0-1"]
[WhiteElo "1467"]
[BlackElo "1346"]
[PlyCount "68"]
[EventDate "2015.10.10"]
[WhiteTeam "Marseille Echecs"]
[BlackTeam "Cassis Echecs"]

1. d4 Nf6 2. c4 e6 3. Nc3 Bb4 4. Bd2 Nc6 5. e3 b6 6. a3 Bd6 7. Nf3 Bb7 8. Be2
O-O 9. O-O Re8 10. Rb1 a5 11. Nb5 Be7 12. Qc2 Na7 13. Nxa7 Rxa7 14. Ra1 c5 15.
Rfb1 Be4 16. Bd3 Bxf3 17. gxf3 Bd6 18. h3 Rc7 19. Kf1 cxd4 20. exd4 Qa8 21. Ke2
e5 22. d5 Nxd5 23. Be4 Nf4+ 24. Bxf4 exf4 25. Kf1 Qa6 26. Bxh7+ Kh8 27. Bd3
Rec8 28. Qe2 Rc5 29. Qd2 Bb8 30. Re1 Qb7 31. Qe2 Re5 32. Be4 d5 33. Bxd5 Qd7
34. Qd3 Qxh3+ 0-1

[Event "Open Est 2015-2016"]
[Site "Aubagne"]
[Date "2016.03.19"]
[Round "8.11"]
[White "Roth, Fabio"]
[Black "Zajaczkowski, Danielle"]
[Result "0-1"]
[WhiteElo "1451"]
[BlackElo "1324"]
[PlyCount "115"]
[EventDate "2015.10.10"]
[WhiteTeam "Club Provence Echecs"]
[BlackTeam "ASPTT Marseille"]

1. e4 e5 2. Nf3 Nc6 3. Bc4 Be7 4. c3 Nf6 5. d3 O-O 6. Bg5 d6 7. O-O Na5 8. Bb5
a6 9. Ba4 b5 10. Bc2 c5 11. a3 Bb7 12. Re1 Nc6 13. Bxf6 Bxf6 14. c4 Ne7 15.
Nbd2 Bc6 16. Nb3 Qc7 17. Qd2 Rfb8 18. Qa5 Qb6 19. Qxb6 Rxb6 20. Na5 g6 21. b4
cxb4 22. axb4 bxc4 23. Nxc4 Rxb4 24. Nxd6 a5 25. Reb1 Kf8 26. Rxb4 axb4 27.
Rxa8+ Bxa8 28. Nc4 Nc6 29. Ba4 Nd8 30. Kf1 Bg7 31. Nfd2 Ne6 32. g3 Nc5 33. Bc2
Bc6 34. Nb2 Bb5 35. Nb3 Na6 36. Na5 Ke8 37. Ba4 Bxa4 38. Nxa4 Bf8 39. Nb3 f6
40. Ke2 g5 41. Ke3 Kd7 42. d4 exd4+ 43. Kxd4 Kc6 44. Kc4 Bd6 45. Nd4+ Kd7 46.
Nb6+ Kc7 47. Nd5+ Kb7 48. Kb5 Nc7+ 49. Nxc7 Kxc7 50. Ka5 h5 51. Ka4 Bc5 52.
Ne6+ Kd6 53. Nxc5 Kxc5 54. Kb3 Kd4 55. f4 Kxe4 56. fxg5 fxg5 57. Kxb4 Kf5 58.
Kc4 0-1

[Event "Open Est 2015-2016"]
[Site "Aubagne"]
[Date "2016.03.19"]
[Round "8.12"]
[White "Cureau, Dominique"]
[Black "De Carvalho Massabo, Raphael"]
[Result "1-0"]
[WhiteElo "1410"]
[BlackElo "1220"]
[PlyCount "87"]
[EventDate "2015.10.10"]
[WhiteTeam "Echiquier Marseillais 1872"]
[BlackTeam "Marseille Passion Echecs"]

1. c4 e5 2. Nc3 Nf6 3. Nf3 d6 4. d4 exd4 5. Nxd4 c5 6. Nf3 Be7 7. g3 Be6 8. b3
Nc6 9. Bg2 O-O 10. O-O Qd7 11. Bb2 Bh3 12. Nd5 Nxd5 13. Qxd5 Bxg2 14. Kxg2 Qe6
15. Qd2 Bf6 16. Rfe1 Bxb2 17. Qxb2 Rad8 18. e4 Rfe8 19. Ng5 Qg6 20. f4 h6 21.
Nf3 Rxe4 22. Nh4 Qe6 23. f5 Qe5 24. Qf2 Re8 25. Kf1 Nd4 26. Rxe4 Qxe4 27. Ng2
Qxf5 28. Qxf5 Nxf5 29. Nf4 Ne3+ 30. Kf2 Ng4+ 31. Kg2 g5 32. Nd5 f5 33. h3 Ne3+
34. Nxe3 Rxe3 35. Kf2 Re6 36. Rd1 Kf7 37. Rd5 Kg6 38. Kf3 a6 39. a3 b5 40. cxb5
axb5 41. b4 cxb4 42. axb4 Re5 43. Rxd6+ Kh5 44. g4+ 1-0

[Event "Open Est 2015-2016"]
[Site "Aubagne"]
[Date "2016.03.19"]
[Round "8.14"]
[White "Aghababian, Arthur"]
[Black "Bui, Christopher"]
[Result "0-1"]
[WhiteElo "1390"]
[BlackElo "1275"]
[PlyCount "92"]
[EventDate "2015.10.10"]
[WhiteTeam "Sanary Echecs"]
[BlackTeam "Cercle d'Echecs Aubagnais"]

1. c4 e5 2. Nc3 Nf6 3. e4 Bc5 4. a3 a5 5. h3 d6 6. Nf3 O-O 7. d3 h6 8. Be2 Be6
9. O-O Nc6 10. b3 Qd7 11. Kh2 Nd4 12. Nxd4 Bxd4 13. Bd2 c6 14. Rc1 d5 15. exd5
cxd5 16. Nb5 Bb6 17. cxd5 Nxd5 18. a4 Rac8 19. Nc3 Bc7 20. Nxd5 Qxd5 21. Be1
Qxb3 22. Rb1 Qxd1 23. Bxd1 e4+ 24. g3 exd3 25. Rxb7 Rfd8 26. Bd2 Bd5 27. Rb1
Rb8 28. Bg4 Be4 29. Rbc1 Bb6 30. h4 Rd5 31. Bd1 Rdd8 32. f3 Bg6 33. Re1 Kh7 34.
f4 Re8 35. Bf3 Rxe1 36. Bxe1 Be3 37. Rd1 Rb2+ 38. Kh3 d2 39. h5 Bd3 40. g4
dxe1=Q 41. Rxe1 Bxf4 42. Bg2 Rb3 43. Kh4 Bf5 44. gxf5 Bg3+ 45. Kg4 Bxe1 46. f6
Rg3+ 0-1

[Event "Open Est 2015-2016"]
[Site "Aubagne"]
[Date "2016.03.19"]
[Round "8.16"]
[White "Richert, Sebastien"]
[Black "Autouard, Jean-Luc"]
[Result "0-1"]
[WhiteElo "1399"]
[BlackElo "1412"]
[PlyCount "79"]
[EventDate "2015.10.10"]
[WhiteTeam "Cercle d'Echecs Aubagnais"]
[BlackTeam "Cercle d'Echecs Aubagnais"]

1. c4 f5 2. Nf3 Nf6 3. d4 e6 4. Nc3 Ne4 5. Nxe4 fxe4 6. Ng5 d5 7. Bf4 Be7 8.
Qd2 O-O 9. g3 Nc6 10. a3 h6 11. Nh3 Bf6 12. Be3 Qe8 13. cxd5 exd5 14. Nf4 Ne7
15. Bh3 Bxh3 16. Nxh3 Nf5 17. Qc3 Qd7 18. O-O Nxe3 19. Qxe3 Qxh3 20. Qb3 Qf5
21. e3 b6 22. Rac1 Rf7 23. Rc6 h5 24. Qc2 Rc8 25. Qa4 a5 26. Rfc1 Bd8 27. Rf1
h4 28. Qd1 h3 29. b4 Rf6 30. Rxf6 Bxf6 31. f3 Qg6 32. Qb3 c6 33. b5 Bh4 34. g4
Rf8 35. Qd1 Rxf3 36. Qe2 Qxg4+ 37. Kh1 Rxf1+ 38. Qxf1 cxb5 39. Qg1 Qf3+ 40. Qg2
0-1

[Event "Open Est 2015-2016"]
[Site "Aubagne"]
[Date "2016.03.19"]
[Round "8.17"]
[White "Vicari-Vento, Salvatore"]
[Black "Benezra, Silke"]
[Result "1-0"]
[WhiteElo "1494"]
[BlackElo "1364"]
[PlyCount "145"]
[EventDate "2015.10.10"]
[WhiteTeam "Cercle d'Echecs Aubagnais"]
[BlackTeam "L'Echiquier du Roy René"]

1. e4 e5 2. Nf3 Nc6 3. Bb5 a6 4. Ba4 Nf6 5. O-O Be7 6. Re1 b5 7. Bb3 d6 8. c3
O-O 9. h3 Na5 10. Bc2 c5 11. d4 Nd7 12. b3 c4 13. b4 Nb7 14. Nbd2 Qe8 15. Nf1
Nd8 16. N3h2 Nf6 17. Ng3 Ne6 18. Nf5 Bd8 19. Nxd6 Qd7 20. dxe5 Ne8 21. Nxc8
Qxc8 22. Qg4 Bb6 23. Be3 Bc7 24. f4 Qb8 25. Nf3 Bb6 26. Bxb6 Qxb6+ 27. Kf1 Rd8
28. f5 N6c7 29. Qh4 f6 30. e6 Rd6 31. Qf2 Qb8 32. Rad1 Qd8 33. Rxd6 Nxd6 34.
Nd4 Na8 35. e5 fxe5 36. Rxe5 Qf6 37. Re2 Nb6 38. e7 Re8 39. Re6 Qf7 40. Rxd6
Nc8 41. Rd8 Nxe7 42. Rxe8+ Qxe8 43. g4 Nd5 44. Ne6 Nxc3 45. a3 Nd5 46. Qd4 Nf6
47. Qd8 Qxd8 48. Nxd8 Nd5 49. Kf2 h6 50. Ne6 Kf7 51. Nc5 Nc7 52. Kf3 Kf6 53. h4
Ke5 54. Ne6 Nxe6 55. fxe6 Kxe6 56. Ke4 Kd6 57. Kd4 Ke6 58. Be4 c3 59. Kxc3 Ke5
60. Bb7 Kf4 61. Bc8 Kg3 62. h5 Kf4 63. Kd4 Kg5 64. Kc5 g6 65. hxg6 Kxg6 66.
Bxa6 Kg5 67. Bc8 Kf6 68. Kxb5 Ke7 69. Kc6 Kd8 70. Kb7 Ke7 71. a4 Kd6 72. a5 Kd5
73. a6 1-0

[Event "Open Est 2015-2016"]
[Site "Aubagne"]
[Date "2016.03.19"]
[Round "8.18"]
[White "Yahia Amar, Mathieu"]
[Black "San-Nicolas, Robert"]
[Result "0-1"]
[WhiteElo "1161"]
[BlackElo "1379"]
[PlyCount "46"]
[EventDate "2015.10.10"]
[WhiteTeam "L'Echiquier du Roy René"]
[BlackTeam "Cercle d'Echecs Aubagnais"]

1. d4 Nf6 2. c4 c5 3. d5 d6 4. Nc3 g6 5. Nf3 Bg7 6. e4 Bg4 7. h3 Bc8 8. Bd3
Nbd7 9. Be3 a6 10. Qd2 b6 11. Bh6 O-O 12. Bxg7 Kxg7 13. O-O Nh5 14. Ng5 Ne5 15.
Qe3 Nxd3 16. Qxd3 f6 17. Nf3 Qd7 18. g4 Nf4 19. Qe3 Nxh3+ 20. Kh2 Qxg4 21. Ng1
Nf4 22. Qg3 Qh5+ 23. Nh3 Bxh3 0-1

[Event "Open Est 2015-2016"]
[Site "Aubagne"]
[Date "2016.03.19"]
[Round "8.20"]
[White "Foresti, Stephane"]
[Black "Turpin, Isabelle"]
[Result "1-0"]
[WhiteElo "1284"]
[BlackElo "1260"]
[PlyCount "67"]
[EventDate "2015.10.10"]
[WhiteTeam "Sanary Echecs"]
[BlackTeam "Cercle d'Echecs Aubagnais"]

1. d4 Nf6 2. c4 c6 3. Nc3 e6 4. Nf3 Be7 5. e4 d6 6. Be2 Qc7 7. h3 O-O 8. Bf4
Nh5 9. Bh2 Rd8 10. e5 Qb6 11. Qc2 g6 12. exd6 Bxd6 13. Bxd6 Rxd6 14. c5 Qc7 15.
cxd6 Qxd6 16. Rd1 Nd7 17. O-O b5 18. Rfe1 Bb7 19. Ne5 Rd8 20. Bxh5 gxh5 21. Ne4
Qe7 22. Nxd7 Rxd7 23. Nc5 Rd5 24. Re5 Rd6 25. Nxb7 Qxb7 26. Rxh5 f6 27. Qd3 Rd7
28. Qf3 f5 29. Qg3+ Kh8 30. Qe5+ Rg7 31. Rg5 h6 32. Rxg7 Qxg7 33. Qxg7+ Kxg7
34. Rc1 1-0

[Event "Open Est 2015-2016"]
[Site "Aubagne"]
[Date "2016.03.19"]
[Round "8.21"]
[White "Denis, Karine"]
[Black "Pietrac, Christian"]
[Result "0-1"]
[WhiteElo "1351"]
[BlackElo "1200"]
[PlyCount "72"]
[EventDate "2015.10.10"]
[WhiteTeam "Marseille Passion Echecs"]
[BlackTeam "Club d'Echecs de Miramas"]

1. e4 d6 2. d4 g6 3. Nf3 Bg4 4. Be2 Bg7 5. Nc3 c6 6. h3 Bd7 7. Bf4 Nf6 8. e5
Nh5 9. Qd2 Nxf4 10. Qxf4 O-O 11. O-O Bf5 12. Qd2 d5 13. Rfe1 b5 14. Bd3 Be6 15.
a4 b4 16. Ne2 a5 17. b3 Nd7 18. Rac1 f6 19. Ng3 Qb6 20. c3 c5 21. Bb5 c4 22.
Bxd7 Bxd7 23. cxb4 cxb3 24. b5 Rac8 25. Rb1 Rc4 26. exf6 Bxf6 27. Ne5 Bxe5 28.
dxe5 Rc2 29. Qxd5+ Be6 30. Qc6 Rxc6 31. bxc6 Qxc6 32. Re4 Qc2 33. Rbe1 Qxf2+
34. Kh2 Bd5 35. R4e2 Qd4 36. h4 Qxh4+ 0-1

[Event "Open Est 2015-2016"]
[Site "Aubagne"]
[Date "2016.03.19"]
[Round "8.22"]
[White "Besucco, Guy"]
[Black "Pentcheff, Laura"]
[Result "1-0"]
[WhiteElo "1340"]
[BlackElo "1190"]
[PlyCount "41"]
[EventDate "2015.10.10"]
[WhiteTeam "La Ciotat Echecs (LCE)"]
[BlackTeam "Cassis Echecs"]

1. e4 b6 2. f4 Bb7 3. Nc3 e6 4. Nf3 Nf6 5. d3 Bc5 6. Bd2 Ng4 7. d4 Be7 8. Ng5
Nf6 9. Bc4 h6 10. e5 hxg5 11. exf6 Bxf6 12. d5 a6 13. a4 Qe7 14. Ne4 exd5 15.
O-O dxc4 16. Nxf6+ Qxf6 17. Bc3 Qc6 18. Qe2+ Kd8 19. Rae1 Rh7 20. Qe7+ Kc8 21.
Qe8# 1-0

[Event "Open Est 2015-2016"]
[Site "Aubagne"]
[Date "2016.03.19"]
[Round "8.23"]
[White "Timoner, Genevieve"]
[Black "Roux, Jean-Marie"]
[Result "0-1"]
[WhiteElo "1140"]
[BlackElo "1317"]
[PlyCount "86"]
[EventDate "2015.10.10"]
[WhiteTeam "Club d'Echecs Pennois (CEP)"]
[BlackTeam "L'Echiquier du Roy René"]

1. c4 e5 2. e4 Nf6 3. Nc3 Be7 4. Nge2 O-O 5. g3 Nc6 6. Bg2 d6 7. O-O Bg4 8. h3
Bh5 9. d3 Qd7 10. Qc2 a6 11. a3 Rab8 12. b4 b5 13. cxb5 axb5 14. Bd2 Nd8 15. a4
bxa4 16. Rxa4 Ne6 17. f3 c6 18. g4 Bg6 19. f4 exf4 20. Nxf4 Nd4 21. Qa2 c5 22.
Ra7 Qd8 23. Ncd5 Nd7 24. Bc3 Bg5 25. Kh1 Ne5 26. Ne2 Nxd3 27. Nxd4 cxd4 28.
Bxd4 Nxb4 29. Qa5 Nc6 30. Qxd8 Rfxd8 31. Rc7 Nxd4 32. Ne7+ Bxe7 33. Rxe7 Ne2
34. Kh2 Rb2 35. h4 f6 36. g5 fxg5 37. Bf3 Nd4+ 38. Kh3 Nxf3 39. Rxf3 gxh4 40.
Kxh4 Rf8 41. e5 Rxf3 42. exd6 Rb4+ 43. Kg5 Rg3# 0-1